[Event "San Francisco TNM Summer op"]
[Site "San Francisco"]
[Date "2014.07.15"]
[Round "8"]
[White "Vazquez, Erasmo"]
[Black "Morgan, Jerry"]
[Result "1-0"]
[WhiteElo "1639"]
[BlackElo "1598"]
[PlyCount "77"]
[EventDate "2014.05.27"]
[EventType "swiss"]
[EventRounds "8"]
[EventCountry "USA"]
[SourceTitle "EXT 2016"]
[Source "ChessBase"]
[SourceDate "2015.10.08"]
[SourceVersion "1"]
[SourceVersionDate "2015.10.08"]
[SourceQuality "1"]

1. d4 f5 2. Nc3 Nf6 3. Bg5 Ne4 4. Nxe4 fxe4 5. c4 d6 6. e3 c6 7. b4 g6 8. f3 exf3 9. Nxf3 Bg4 10. Bd3 Na6 11. Rb1 Qd7 12. 0-0 Bg7 13. h3 Bf5 14. e4 Bxh3 15. gxh3 Qxh3 16. Qd2 h6 17. Bf4 Qg4+ 18. Kf2 g5 19. Rg1 Qxf4 20. Qxf4 Bxd4+ 21. Nxd4 gxf4 22. Ne6 Kd7 23. Nxf4 Raf8 24. Ke3 Rhg8 25. a3 Rg5 26. Rxg5 hxg5 27. Ng2 g4 28. Rf1 Rxf1 29. Bxf1 Ke6 30. Kf4 c5 31. b5 Nc7 32. Be2 Kf7 33. Bxg4 Ne6+ 34. Bxe6+ Kxe6 35. Ne3 Kf7 36. e5 Ke6 37. exd6 exd6 38. Ke4 b6 39. Ng4 1-0

[Event "San Francisco TNM Summer op"]
[Site "San Francisco"]
[Date "2014.07.08"]
[Round "7"]
[White "Otterbach, Renate"]
[Black "Vazquez, Erasmo"]
[Result "0-1"]
[WhiteElo "994"]
[BlackElo "1639"]
[PlyCount "60"]
[EventDate "2014.05.27"]
[EventType "swiss"]
[EventRounds "8"]
[EventCountry "USA"]
[SourceTitle "EXT 2016"]
[Source "ChessBase"]
[SourceDate "2015.10.08"]
[SourceVersion "1"]
[SourceVersionDate "2015.10.08"]
[SourceQuality "1"]

1. d4 d5 2. Nf3 Nf6 3. e3 Bf5 4. c3 e6 5. Qb3 Qc8 6. Nbd2 Nbd7 7. a4 Bd6 8. Be2 0-0 9. Qa2 c5 10. b3 cxd4 11. cxd4 Qc7 12. Bb2 Rac8 13. 0-0 Ne4 14. Rfc1 Qb8 15. Nf1 Bb4 16. Rd1 Rc2 17. Bb5 Nc3 18. Bxc3 Bxc3 19. Qa3 Bxa1 20. Bxd7 Qc7 21. Ne5 Bb2 22. Qe7 Qd8 23. Qb4 f6 24. Bxe6+ Bxe6 25. Nd3 b6 26. Nxb2 Rxb2 27. Rc1 Bf5 28. Ng3 Rb1 29. Rxb1 Bxb1 30. Qe1 Bg6 0-1

[Event "San Francisco TNM Winter op"]
[Site "San Francisco"]
[Date "2014.02.11"]
[Round "6"]
[White "Vazquez, Erasmo"]
[Black "Toziopoulos, Stephen S"]
[Result "1-0"]
[WhiteElo "1683"]
[BlackElo "1298"]
[PlyCount "51"]
[EventDate "2014.01.07"]
[EventType "swiss"]
[EventRounds "8"]
[EventCountry "USA"]
[SourceTitle "EXT 2016"]
[Source "ChessBase"]
[SourceDate "2015.10.08"]
[SourceVersion "1"]
[SourceVersionDate "2015.10.08"]
[SourceQuality "1"]

1. d4 Nf6 2. c4 e6 3. Nc3 Bb4 4. f3 0-0 5. e4 h6 6. Be3 d6 7. Qc2 Nbd7 8. 0-0-0 Qe7 9. Bd3 Bxc3 10. Qxc3 e5 11. Ne2 b6 12. g4 Nh7 13. h4 c5 14. d5 f6 15. Ng3 Rf7 16. Nf5 Qf8 17. Qd2 Nb8 18. Rdg1 Bxf5 19. exf5 Nd7 20. g5 fxg5 21. hxg5 hxg5 22. Qh2 Ndf6 23. Bxg5 Kh8 24. Rg3 Rd8 25. Rh3 Rdd7 26. Rxh7+ 1-0